Statistics for Colours of the sides of a standard 3x3x3 Rubik's Cube.

Click here to take the quiz!

General Stats

  • This quiz has been taken 961 times
  • The average score is 6 of 6

Answer Stats

Answer% Correct
blue
100%
green
100%
red
100%
white
99%
yellow
99%
orange
98%

Score Distribution

Percentile by Number Answered

Percent of People with Each Score

Your Score History

You have not taken this quiz